• AIU
  • Tony Wilmot Memorial Library

Mwariamu na Mwanamisi : Maazi masafi = Clean water : (Record no. 45377)

MARC details
000 -LEADER
fixed length control field 00988nam a22002537a 4500
003 - CONTROL NUMBER IDENTIFIER
control field OSt
005 - DATE AND TIME OF LATEST TRANSACTION
control field 20110718134516.0
008 - FIXED-LENGTH DATA ELEMENTS--GENERAL INFORMATION
fixed length control field 100406t xxu||||| |||| 00| 0 eng d
020 ## - INTERNATIONAL STANDARD BOOK NUMBER
International Standard Book Number 9966001603
040 ## - CATALOGING SOURCE
Original cataloging agency NEGST Library - Kenya
Transcribing agency NEGST Library - Kenya
Modifying agency NEGST Library - Kenya
050 14 - LIBRARY OF CONGRESS CALL NUMBER
Classification number RA 642.W3
Item number S76 2007
100 1# - MAIN ENTRY--PERSONAL NAME
Personal name Stochholm, Karen.
9 (RLIN) 3085
245 ## - TITLE STATEMENT
Title Mwariamu na Mwanamisi : Maazi masafi = Clean water :
Remainder of title Kiwiilwana /
Statement of responsibility, etc translated by Fatuma Ali; edited by Jacob Mjagi, Swaleh Hassan and Fatuma Ali ; original text by Karen Stochholm.
260 ## - PUBLICATION, DISTRIBUTION, ETC. (IMPRINT)
Place of publication, distribution, etc Garissa, Kenya :
Name of publisher, distributor, etc Ilwana Language Development Programme,
Date of publication, distribution, etc 2007.
300 ## - PHYSICAL DESCRIPTION
Extent 16 p. :
Other physical details ill.
500 ## - GENERAL NOTE
General note "Kiwiilwana health booklet" - cover.
500 ## - GENERAL NOTE
General note "Kiwiilwana health booklet" - cover.
500 ## - GENERAL NOTE
General note [Africana].
500 ## - GENERAL NOTE
General note "Kiwiilwana health booklet" - cover.
650 ## - SUBJECT ADDED ENTRY--TOPICAL TERM
Topical term or geographic name as entry element Waterborne infection.
9 (RLIN) 3086
650 ## - SUBJECT ADDED ENTRY--TOPICAL TERM
Topical term or geographic name as entry element Kiwiilwana language
General subdivision Texts.
9 (RLIN) 3088
700 1# - ADDED ENTRY--PERSONAL NAME
Personal name Ali, Fatuma.
9 (RLIN) 3090
942 ## - ADDED ENTRY ELEMENTS (KOHA)
Source of classification or shelving scheme Library of Congress Classification
Koha item type Books
Holdings
Withdrawn status Lost status Source of classification or shelving scheme Damaged status Not for loan Collection code Home library Current library Shelving location Date acquired Source of acquisition Cost, normal purchase price Total Checkouts Total Renewals Full call number Barcode Date last seen Date checked out Copy number Price effective from Koha item type
    Library of Congress Classification     General Circulation AIU/NEGST - Tony Wilmot Memorial Library AIU/NEGST - Tony Wilmot Memorial Library General Stacks 04/06/2010 BTIL 5.00 1 1 RA 642.W3S76 2007 R40209N3232 09/30/2023 09/13/2023 1 04/06/2010 Africana collection (General)